[Event "Grand Swiss "]
[Date "2025.09.06"]
[White "Gurel, Ediz"]
[Black "Goryachkina, Aleksandra"]
[WhiteElo "2631"]
[BlackElo "2528"]
[Round "3.3.54"]
[Result "1/2-1/2"]

1. e4 {[%clk 01:40:56] [%emt 00:00:04]} e5 {[%clk 01:40:44] [%emt 00:00:16]} 2.
Bc4 {[%clk 01:41:13] [%emt 00:00:12]} Nf6 {[%clk 01:40:17] [%emt 00:00:58]} 3.
d3 {[%clk 01:41:32] [%emt 00:00:11]} Nc6 {[%clk 01:39:04] [%emt 00:01:43]} 4. a4
{[%clk 01:41:46] [%emt 00:00:16]} Bc5 {[%clk 01:35:53] [%emt 00:03:41]} 5. a5
{[%clk 01:40:16] [%emt 00:02:00]} O-O {[%clk 01:33:51] [%emt 00:02:31]} 6. Nf3
{[%clk 01:39:30] [%emt 00:01:16]} Bb4+ {[%clk 01:27:04] [%emt 00:07:18]} 7. Bd2
{[%clk 01:39:15] [%emt 00:00:45]} Bxd2+ {[%clk 01:26:18] [%emt 00:01:16]} 8.
Nbxd2 {[%clk 01:39:38] [%emt 00:00:06]} d6 {[%clk 01:24:05] [%emt 00:02:43]} 9.
O-O {[%clk 01:37:01] [%emt 00:03:08]} Rb8 {[%clk 01:18:47] [%emt 00:05:48]} 10.
c3 {[%clk 01:36:07] [%emt 00:01:23]} b5 {[%clk 01:14:38] [%emt 00:04:39]} 11.
axb6 {[%clk 01:35:41] [%emt 00:00:56]} axb6 {[%clk 01:14:35] [%emt 00:00:33]}
12. b4 {[%clk 01:30:09] [%emt 00:06:02]} Bd7 {[%clk 01:07:36] [%emt 00:07:29]}
13. Re1 {[%clk 01:27:55] [%emt 00:02:44]} b5 {[%clk 01:00:37] [%emt 00:07:29]}
14. Bb3 {[%clk 01:28:16] [%emt 00:00:08]} Ne7 {[%clk 00:58:30] [%emt 00:02:37]}
15. d4 {[%clk 01:16:58] [%emt 00:11:49]} Ng6 {[%clk 00:58:20] [%emt 00:00:40]}
16. Nf1 {[%clk 01:15:27] [%emt 00:02:01]} Ra8 {[%clk 00:54:07] [%emt 00:04:43]}
17. Qc2 {[%clk 01:11:13] [%emt 00:04:44]} Nh5 {[%clk 00:46:43] [%emt 00:07:54]}
18. Ne3 {[%clk 01:09:20] [%emt 00:02:23]} Nhf4 {[%clk 00:44:05] [%emt 00:03:08]}
19. dxe5 {[%clk 01:01:40] [%emt 00:08:10]} Rxa1 {[%clk 00:41:28] [%emt
00:03:07]} 20. Rxa1 {[%clk 01:02:05] [%emt 00:00:05]} Nxe5 {[%clk 00:40:36]
[%emt 00:01:22]} 21. Nxe5 {[%clk 01:02:16] [%emt 00:00:19]} dxe5 {[%clk
00:40:59] [%emt 00:00:06]} 22. Rd1 {[%clk 01:01:35] [%emt 00:01:12]} Qc8 {[%clk
00:34:55] [%emt 00:06:34]} 23. g3 {[%clk 00:55:15] [%emt 00:06:50]} Ng6 {[%clk
00:29:43] [%emt 00:05:42]} 24. Qd3 {[%clk 00:52:34] [%emt 00:03:11]} Bc6 {[%clk
00:25:26] [%emt 00:04:47]} 25. Nf5 {[%clk 00:50:39] [%emt 00:02:24]} Qe8 {[%clk
00:22:58] [%emt 00:02:59]} 26. Bd5 {[%clk 00:48:02] [%emt 00:03:07]} Bd7 {[%clk
00:22:06] [%emt 00:01:22]} 27. h4 {[%clk 00:47:27] [%emt 00:01:06]} Bxf5 {[%clk
00:18:17] [%emt 00:04:18]} 28. exf5 {[%clk 00:47:52] [%emt 00:00:05]} Ne7 {[%clk
00:18:42] [%emt 00:00:04]} 29. Bf3 {[%clk 00:42:48] [%emt 00:05:35]} Nc8 {[%clk
00:15:14] [%emt 00:03:59]} 30. Qd7 {[%clk 00:40:13] [%emt 00:03:05]} e4 {[%clk
00:13:59] [%emt 00:01:45]} 31. Qxe8 {[%clk 00:40:15] [%emt 00:00:27]} Rxe8
{[%clk 00:14:28] [%emt 00:00:01]} 32. Bxe4 {[%clk 00:40:39] [%emt 00:00:07]} Nd6
{[%clk 00:14:32] [%emt 00:00:25]} 33. Bc6 {[%clk 00:41:02] [%emt 00:00:07]} Re5
{[%clk 00:11:55] [%emt 00:03:06]} 34. Kf1 {[%clk 00:34:06] [%emt 00:07:27]} Kf8
{[%clk 00:08:35] [%emt 00:03:50]} 35. Ra1 {[%clk 00:30:18] [%emt 00:04:18]} Ke7
{[%clk 00:08:16] [%emt 00:00:49]} 36. Ra7 {[%clk 00:29:33] [%emt 00:01:15]} Kd8
{[%clk 00:05:35] [%emt 00:03:12]} 37. f6 {[%clk 00:21:39] [%emt 00:08:23]} gxf6
{[%clk 00:05:48] [%emt 00:00:17]} 38. Ra8+ {[%clk 00:22:05] [%emt 00:00:04]} Ke7
{[%clk 00:06:10] [%emt 00:00:08]} 39. Rh8 {[%clk 00:22:30] [%emt 00:00:05]} Rh5
{[%clk 00:02:55] [%emt 00:03:44]} 40. Bf3 {[%clk 00:22:19] [%emt 00:00:42]} Rh6
{[%clk 00:02:39] [%emt 00:00:46]} 41. h5 {[%clk 00:15:50] [%emt 00:06:58]} f5
{[%clk 00:01:53] [%emt 00:01:17]} 42. Rb8 {[%clk 00:15:11] [%emt 00:01:09]} Kd7
{[%clk 00:36:51] [%emt 00:15:32]} 43. Be2 {[%clk 01:01:49] [%emt 00:03:51]} c6
{[%clk 00:34:45] [%emt 00:02:36]} 44. Kg2 {[%clk 01:00:30] [%emt 00:01:49]} Re6
{[%clk 00:21:40] [%emt 00:13:36]} 45. Bd3 {[%clk 01:00:41] [%emt 00:00:19]} Rh6
{[%clk 00:21:16] [%emt 00:00:53]} 46. Be2 {[%clk 00:52:44] [%emt 00:08:27]} Re6
{[%clk 00:21:41] [%emt 00:00:06]} 47. Bd1 {[%clk 00:44:00] [%emt 00:09:14]} Ke7
{[%clk 00:18:25] [%emt 00:03:46]} 48. Rh8 {[%clk 00:41:08] [%emt 00:03:22]} h6
{[%clk 00:16:46] [%emt 00:02:09]} 49. Bb3 {[%clk 00:41:29] [%emt 00:00:09]} Rf6
{[%clk 00:12:57] [%emt 00:04:18]} 50. f3 {[%clk 00:40:32] [%emt 00:01:28]} Nc4
{[%clk 00:07:24] [%emt 00:06:03]} 51. Kf2 {[%clk 00:38:51] [%emt 00:02:11]} f4
{[%clk 00:06:19] [%emt 00:01:35]} 52. gxf4 {[%clk 00:37:43] [%emt 00:01:38]} Nd6
{[%clk 00:03:48] [%emt 00:03:01]} 53. Bc2 {[%clk 00:35:40] [%emt 00:02:32]} Ne8
{[%clk 00:03:55] [%emt 00:00:24]} 54. Kg3 {[%clk 00:35:09] [%emt 00:01:02]} Rd6
{[%clk 00:02:28] [%emt 00:01:57]} 55. Be4 {[%clk 00:34:18] [%emt 00:01:20]} Nf6
{[%clk 00:02:04] [%emt 00:00:54]} 56. Kh4 {[%clk 00:34:43] [%emt 00:00:04]} Ne8
{[%clk 00:02:03] [%emt 00:00:31]} 57. Rh7 {[%clk 00:34:16] [%emt 00:00:57]} Kf8
{[%clk 00:02:04] [%emt 00:00:29]} 58. Rh8+ {[%clk 00:34:41] [%emt 00:00:05]} Ke7
{[%clk 00:02:31] [%emt 00:00:03]} 59. Rg8 {[%clk 00:34:34] [%emt 00:00:37]} Rf6
{[%clk 00:01:52] [%emt 00:01:09]} 60. f5 {[%clk 00:34:05] [%emt 00:00:58]} Rd6
{[%clk 00:02:02] [%emt 00:00:21]} 61. Rh8 {[%clk 00:34:20] [%emt 00:00:15]} Kd7
{[%clk 00:01:11] [%emt 00:01:21]} 62. Rg8 {[%clk 00:34:22] [%emt 00:00:28]} Ke7
{[%clk 00:01:24] [%emt 00:00:17]} 63. Rg1 {[%clk 00:33:36] [%emt 00:01:15]} Nf6
{[%clk 00:01:20] [%emt 00:00:34]} 64. Ra1 {[%clk 00:34:00] [%emt 00:00:07]} Nd5
{[%clk 00:11:04] [%emt 00:05:46]} 65. Bxd5 {[%clk 00:48:16] [%emt 00:01:13]}
cxd5 {[%clk 00:03:22] [%emt 00:08:13]} 66. Kg4 {[%clk 00:46:33] [%emt 00:02:13]}
Kf6 {[%clk 00:03:14] [%emt 00:00:37]} 67. Ra5 {[%clk 00:46:23] [%emt 00:00:40]}
d4 {[%clk 00:03:00] [%emt 00:00:45]} 68. cxd4 {[%clk 00:46:47] [%emt 00:00:06]}
Rxd4+ {[%clk 00:03:27] [%emt 00:00:03]} 69. f4 {[%clk 00:47:13] [%emt 00:00:04]}
Rxb4 {[%clk 00:02:46] [%emt 00:01:10]} 70. Ra6+ {[%clk 00:47:39] [%emt
00:00:05]} Ke7 {[%clk 00:01:46] [%emt 00:01:30]} 71. Rxh6 {[%clk 00:47:29] [%emt
00:00:39]} Rb1 {[%clk 00:02:12] [%emt 00:00:04]} 72. Rb6 {[%clk 00:47:26] [%emt
00:00:34]} Rg1+ {[%clk 00:02:13] [%emt 00:00:29]} 73. Kh4 {[%clk 00:47:48] [%emt
00:00:07]} f6 {[%clk 00:02:04] [%emt 00:00:39]} 74. Rb7+ {[%clk 00:46:40] [%emt
00:01:39]} Kf8 {[%clk 00:02:07] [%emt 00:00:28]} 75. Rxb5 {[%clk 00:47:05] [%emt
00:00:05]} Rh1+ {[%clk 00:02:09] [%emt 00:00:27]} 76. Kg4 {[%clk 00:47:34]} Rg1+
{[%clk 00:02:33] [%emt 00:00:06]} 77. Kf3 {[%clk 00:48:01] [%emt 00:00:03]} Rh1
{[%clk 00:02:55] [%emt 00:00:08]} 78. Rb8+ {[%clk 00:47:33] [%emt 00:00:58]} Kg7
{[%clk 00:03:19] [%emt 00:00:06]} 79. Rb7+ {[%clk 00:47:57] [%emt 00:00:06]} Kg8
{[%clk 00:03:35] [%emt 00:00:14]} 80. Rb6 {[%clk 00:48:00] [%emt 00:00:28]} Kg7
{[%clk 00:03:53] [%emt 00:00:11]} 81. Rb7+ {[%clk 00:48:14] [%emt 00:00:16]} Kg8
{[%clk 00:04:17] [%emt 00:00:05]} 82. h6 {[%clk 00:48:18] [%emt 00:00:26]} Rxh6
{[%clk 00:04:15] [%emt 00:00:32]} 83. Ke4 {[%clk 00:48:45] [%emt 00:00:03]} Rh5
{[%clk 00:03:30] [%emt 00:01:16]} 84. Rd7 {[%clk 00:48:48] [%emt 00:00:27]} Kf8
{[%clk 00:03:24] [%emt 00:00:35]} 85. Rd4 {[%clk 00:48:59] [%emt 00:00:19]} Kf7
{[%clk 00:03:39] [%emt 00:00:16]} 86. Rc4 {[%clk 00:49:13] [%emt 00:00:16]} Ke7
{[%clk 00:03:37] [%emt 00:00:31]} 87. Rc5 {[%clk 00:49:26] [%emt 00:00:18]} Kf7
{[%clk 00:03:52] [%emt 00:00:15]} 88. Rd5 {[%clk 00:49:35] [%emt 00:00:21]} Ke7
{[%clk 00:04:11] [%emt 00:00:11]} 89. Kd4 {[%clk 00:50:00] [%emt 00:00:05]} Rh4
{[%clk 00:04:09] [%emt 00:00:31]} 90. Ke3 {[%clk 00:50:25] [%emt 00:00:05]} Rh3+
{[%clk 00:04:33] [%emt 00:00:07]} 91. Ke4 {[%clk 00:50:50] [%emt 00:00:04]} Rh5
{[%clk 00:04:57] [%emt 00:00:06]} 92. Rd4 {[%clk 00:51:02] [%emt 00:00:19]} Kf7
{[%clk 00:05:12] [%emt 00:00:15]} 93. Rd1 {[%clk 00:51:05] [%emt 00:00:27]} Kf8
{[%clk 00:05:11] [%emt 00:00:31]} 94. Rd3 {[%clk 00:51:21] [%emt 00:00:13]} Kf7
{[%clk 00:05:26] [%emt 00:00:16]} 95. Rd4 {[%clk 00:51:45] [%emt 00:00:06]} Ke7
{[%clk 00:05:41] [%emt 00:00:15]} 1/2-1/2

[Site "Europe Echecs"]

[Event "Grand Swiss "]
[Date "2025.09.06"]
[White "Nigmatov, Ortik"]
[Black "Ivic, Velimir"]
[WhiteElo "2488"]
[BlackElo "2630"]
[Round "3.3.55"]
[Result "1-0"]

1. e4 {[%clk 01:40:55] [%emt 00:00:04]} c5 {[%clk 01:40:47] [%emt 00:00:13]} 2.
Nf3 {[%clk 01:41:13] [%emt 00:00:11]} d6 {[%clk 01:40:54] [%emt 00:00:24]} 3.
Bb5+ {[%clk 01:41:19] [%emt 00:00:24]} Nd7 {[%clk 01:41:06] [%emt 00:00:18]} 4.
d4 {[%clk 01:41:39] [%emt 00:00:10]} cxd4 {[%clk 01:41:18] [%emt 00:00:17]} 5.
Nxd4 {[%clk 01:42:01] [%emt 00:00:08]} Ngf6 {[%clk 01:39:50] [%emt 00:01:58]} 6.
O-O {[%clk 01:42:15] [%emt 00:00:16]} a6 {[%clk 01:39:30] [%emt 00:00:50]} 7.
Bd3 {[%clk 01:42:36] [%emt 00:00:08]} Nc5 {[%clk 01:39:22] [%emt 00:00:38]} 8.
Nc3 {[%clk 01:42:46] [%emt 00:00:20]} g6 {[%clk 01:38:56] [%emt 00:00:57]} 9.
Re1 {[%clk 01:42:40] [%emt 00:00:35]} Bg7 {[%clk 01:39:12] [%emt 00:00:14]} 10.
Bf1 {[%clk 01:42:52] [%emt 00:00:18]} O-O {[%clk 01:39:09] [%emt 00:00:33]} 11.
a4 {[%clk 01:42:07] [%emt 00:01:15]} Bd7 {[%clk 01:39:18] [%emt 00:00:22]} 12.
f3 {[%clk 01:34:18] [%emt 00:08:18]} e5 {[%clk 01:37:50] [%emt 00:01:57]} 13.
Nde2 {[%clk 01:31:52] [%emt 00:02:56]} Bc6 {[%clk 01:38:05] [%emt 00:00:16]} 14.
Be3 {[%clk 01:30:30] [%emt 00:01:52]} Ne6 {[%clk 01:15:23] [%emt 00:23:13]} 15.
Nd5 {[%clk 01:28:06] [%emt 00:02:53]} Bxd5 {[%clk 01:14:43] [%emt 00:01:10]} 16.
exd5 {[%clk 01:26:46] [%emt 00:01:50]} Nc7 {[%clk 01:05:18] [%emt 00:09:55]} 17.
Nc3 {[%clk 01:15:45] [%emt 00:11:30]} Nh5 {[%clk 01:03:30] [%emt 00:02:18]} 18.
a5 {[%clk 01:13:10] [%emt 00:03:05]} f5 {[%clk 01:02:22] [%emt 00:01:38]} 19.
Ra4 {[%clk 01:12:05] [%emt 00:01:36]} Ne8 {[%clk 00:58:15] [%emt 00:04:36]} 20.
Rb4 {[%clk 00:59:02] [%emt 00:13:34]} Rf7 {[%clk 00:58:20] [%emt 00:00:25]} 21.
Rb6 {[%clk 00:42:35] [%emt 00:16:57]} Nef6 {[%clk 00:46:07] [%emt 00:12:42]} 22.
Na4 {[%clk 00:40:37] [%emt 00:02:29]} Qf8 {[%clk 00:26:46] [%emt 00:19:51]} 23.
c4 {[%clk 00:35:30] [%emt 00:05:36]} Re8 {[%clk 00:19:49] [%emt 00:07:27]} 24.
c5 {[%clk 00:32:22] [%emt 00:03:38]} e4 {[%clk 00:18:33] [%emt 00:01:46]} 25.
Rxd6 {[%clk 00:30:32] [%emt 00:02:20]} exf3 {[%clk 00:18:24] [%emt 00:00:39]}
26. gxf3 {[%clk 00:24:00] [%emt 00:07:03]} Rfe7 {[%clk 00:17:02] [%emt
00:01:52]} 27. Re6 {[%clk 00:22:02] [%emt 00:02:28]} Nxd5 {[%clk 00:11:04] [%emt
00:06:28]} 28. Rxe7 {[%clk 00:22:07] [%emt 00:00:25]} Nxe7 {[%clk 00:11:24]
[%emt 00:00:10]} 29. Qb3+ {[%clk 00:21:00] [%emt 00:01:36]} Kh8 {[%clk 00:11:49]
[%emt 00:00:05]} 30. Qxb7 {[%clk 00:20:04] [%emt 00:01:27]} Rb8 {[%clk 00:07:50]
[%emt 00:04:28]} 31. Qxa6 {[%clk 00:19:03] [%emt 00:01:31]} Rb4 {[%clk 00:08:02]
[%emt 00:00:18]} 32. Nb6 {[%clk 00:16:20] [%emt 00:03:13]} Rxb2 {[%clk 00:08:04]
[%emt 00:00:29]} 33. Nc4 {[%clk 00:16:25] [%emt 00:00:25]} Nd5 {[%clk 00:00:53]
[%emt 00:07:41]} 34. Nxb2 {[%clk 00:14:56] [%emt 00:01:59]} Nxe3 {[%clk
00:01:13] [%emt 00:00:10]} 35. Qd6 {[%clk 00:14:05] [%emt 00:01:21]} Qxd6 {[%clk
00:00:33] [%emt 00:01:10]} 36. cxd6 {[%clk 00:14:29] [%emt 00:00:06]} Bd4 {[%clk
00:00:53] [%emt 00:00:10]} 37. Kh1 {[%clk 00:12:43] [%emt 00:02:16]} Nf6 {[%clk
00:00:53] [%emt 00:00:31]} 38. Nc4 {[%clk 00:12:54] [%emt 00:00:19]} f4 {[%clk
00:01:10] [%emt 00:00:13]} 39. Nxe3 {[%clk 00:12:58] [%emt 00:00:26]} 1-0

[Site "Europe Echecs"]

[Event "Grand Swiss "]
[Date "2025.09.06"]
[White "Suyarov, Mukhammadzokhid"]
[Black "Martirosyan, Haik M."]
[WhiteElo "2482"]
[BlackElo "2628"]
[Round "3.3.56"]
[Result "1/2-1/2"]

1. e4 {[%clk 01:40:26] [%emt 00:00:33]} c6 {[%clk 01:40:24] [%emt 00:00:36]} 2.
d4 {[%clk 01:40:04] [%emt 00:00:52]} d5 {[%clk 01:40:46] [%emt 00:00:08]} 3. e5
{[%clk 01:40:08] [%emt 00:00:25]} Bf5 {[%clk 01:41:06] [%emt 00:00:09]} 4. Nf3
{[%clk 01:40:07] [%emt 00:00:31]} e6 {[%clk 01:41:00] [%emt 00:00:37]} 5. Be2
{[%clk 01:40:09] [%emt 00:00:28]} h6 {[%clk 01:40:52] [%emt 00:00:38]} 6. O-O
{[%clk 01:39:39] [%emt 00:00:59]} Ne7 {[%clk 01:41:00] [%emt 00:00:23]} 7. a4
{[%clk 01:39:28] [%emt 00:00:42]} Nd7 {[%clk 01:40:25] [%emt 00:01:05]} 8. a5
{[%clk 01:33:42] [%emt 00:06:16]} g5 {[%clk 01:34:36] [%emt 00:06:17]} 9. Bd2
{[%clk 01:25:51] [%emt 00:08:22]} Bg7 {[%clk 01:27:57] [%emt 00:07:09]} 10. c4
{[%clk 01:10:46] [%emt 00:15:36]} O-O {[%clk 01:22:04] [%emt 00:06:22]} 11. cxd5
{[%clk 01:06:04] [%emt 00:05:12]} exd5 {[%clk 01:16:35] [%emt 00:05:59]} 12. Nc3
{[%clk 01:01:51] [%emt 00:04:43]} Ng6 {[%clk 01:12:17] [%emt 00:04:49]} 13. Qb3
{[%clk 00:59:52] [%emt 00:02:29]} Rb8 {[%clk 01:10:00] [%emt 00:02:46]} 14. Be3
{[%clk 00:44:51] [%emt 00:15:31]} a6 {[%clk 01:05:06] [%emt 00:05:24]} 15. Ne1
{[%clk 00:41:04] [%emt 00:04:16]} Be6 {[%clk 00:57:57] [%emt 00:07:39]} 16. Qc2
{[%clk 00:38:45] [%emt 00:02:49]} Nh4 {[%clk 00:55:10] [%emt 00:03:17]} 17. b4
{[%clk 00:38:13] [%emt 00:01:02]} f6 {[%clk 00:53:50] [%emt 00:01:50]} 18. exf6
{[%clk 00:37:45] [%emt 00:00:58]} Qxf6 {[%clk 00:53:37] [%emt 00:00:42]} 19. Qd2
{[%clk 00:37:46] [%emt 00:00:30]} Rbe8 {[%clk 00:48:33] [%emt 00:05:34]} 20. Na4
{[%clk 00:36:38] [%emt 00:01:38]} Re7 {[%clk 00:43:28] [%emt 00:05:35]} 21. Nc5
{[%clk 00:35:31] [%emt 00:01:37]} Nxc5 {[%clk 00:42:58] [%emt 00:01:00]} 22.
bxc5 {[%clk 00:35:51] [%emt 00:00:10]} Bf5 {[%clk 00:41:49] [%emt 00:01:38]} 23.
g3 {[%clk 00:29:41] [%emt 00:06:41]} Ng6 {[%clk 00:38:22] [%emt 00:03:56]} 24.
Bf3 {[%clk 00:26:56] [%emt 00:03:15]} Bc8 {[%clk 00:27:47] [%emt 00:11:06]} 25.
Qd1 {[%clk 00:26:04] [%emt 00:01:22]} Bh3 {[%clk 00:20:46] [%emt 00:07:31]} 26.
Bg2 {[%clk 00:21:53] [%emt 00:04:40]} g4 {[%clk 00:14:07] [%emt 00:07:09]} 27.
Ra3 {[%clk 00:21:11] [%emt 00:01:12]} Qf5 {[%clk 00:13:44] [%emt 00:00:53]} 28.
Qd3 {[%clk 00:19:05] [%emt 00:02:36]} Qe6 {[%clk 00:13:59] [%emt 00:00:16]} 29.
Qd1 {[%clk 00:17:52] [%emt 00:01:43]} Ref7 {[%clk 00:12:47] [%emt 00:01:42]} 30.
Bxh3 {[%clk 00:14:05] [%emt 00:04:16]} gxh3 {[%clk 00:13:16] [%emt 00:00:01]}
31. Qh5 {[%clk 00:12:46] [%emt 00:01:49]} Ne7 {[%clk 00:12:50] [%emt 00:00:57]}
32. Nd3 {[%clk 00:12:48] [%emt 00:00:28]} Nf5 {[%clk 00:03:33] [%emt 00:09:46]}
33. Qxh3 {[%clk 00:10:50] [%emt 00:02:28]} Nxd4 {[%clk 00:02:01] [%emt
00:02:03]} 34. Qxe6 {[%clk 00:10:16] [%emt 00:01:04]} Nxe6 {[%clk 00:02:30]
[%emt 00:00:01]} 35. Rb1 {[%clk 00:10:19] [%emt 00:00:26]} Nd4 {[%clk 00:01:35]
[%emt 00:01:25]} 36. Ra2 {[%clk 00:09:37] [%emt 00:01:12]} Nb5 {[%clk 00:01:31]
[%emt 00:00:34]} 37. Rb4 {[%clk 00:09:54] [%emt 00:00:12]} Re8 {[%clk 00:00:47]
[%emt 00:01:15]} 38. Kg2 {[%clk 00:09:46] [%emt 00:00:38]} Rfe7 {[%clk 00:00:49]
[%emt 00:00:28]} 39. Raa4 {[%clk 00:03:55] [%emt 00:06:21]} Nc3 {[%clk 00:00:54]
[%emt 00:00:24]} 40. Ra3 {[%clk 00:04:23] [%emt 00:00:03]} Nb5 {[%clk 00:00:39]
[%emt 00:00:45]} 41. Raa4 {[%clk 00:04:50] [%emt 00:00:02]} Kh7 {[%clk 00:47:08]
[%emt 00:04:00]} 42. h4 {[%clk 00:52:13] [%emt 00:03:07]} Bc3 {[%clk 00:45:25]
[%emt 00:02:13]} 43. Rf4 {[%clk 00:50:58] [%emt 00:01:45]} Bg7 {[%clk 00:41:10]
[%emt 00:04:45]} 44. Rab4 {[%clk 00:49:23] [%emt 00:02:05]} Re6 {[%clk 00:38:45]
[%emt 00:02:55]} 45. h5 {[%clk 00:47:22] [%emt 00:02:31]} R8e7 {[%clk 00:38:56]
[%emt 00:00:18]} 46. Rf5 {[%clk 00:45:32] [%emt 00:02:20]} Bc3 {[%clk 00:32:40]
[%emt 00:06:46]} 47. Rg4 {[%clk 00:40:03] [%emt 00:05:59]} Re4 {[%clk 00:28:39]
[%emt 00:04:32]} 48. Rxe4 {[%clk 00:30:04] [%emt 00:10:30]} dxe4 {[%clk
00:28:59] [%emt 00:00:10]} 49. Nf4 {[%clk 00:30:27] [%emt 00:00:06]} Kg7 {[%clk
00:24:32] [%emt 00:04:56]} 50. Ng6 {[%clk 00:29:39] [%emt 00:01:18]} Re8 {[%clk
00:23:35] [%emt 00:01:28]} 51. Rf4 {[%clk 00:21:44] [%emt 00:08:25]} Bxa5 {[%clk
00:21:52] [%emt 00:02:13]} 52. Rg4 {[%clk 00:21:47] [%emt 00:00:27]} Kh7 {[%clk
00:13:48] [%emt 00:08:34]} 53. Nh4 {[%clk 00:20:06] [%emt 00:02:11]} Re5 {[%clk
00:11:21] [%emt 00:02:57]} 54. Rf4 {[%clk 00:19:22] [%emt 00:01:13]} Rxh5 {[%clk
00:10:09] [%emt 00:01:42]} 55. Rxe4 {[%clk 00:07:08] [%emt 00:12:45]} Bd8 {[%clk
00:10:35] [%emt 00:00:05]} 56. Re8 {[%clk 00:07:27] [%emt 00:00:11]} Rd5 {[%clk
00:10:04] [%emt 00:01:00]} 57. Re6 {[%clk 00:05:50] [%emt 00:02:06]} h5 {[%clk
00:09:12] [%emt 00:01:23]} 58. Nf3 {[%clk 00:02:29] [%emt 00:03:52]} a5 {[%clk
00:09:01] [%emt 00:00:41]} 59. Ne5 {[%clk 00:02:35] [%emt 00:00:23]} a4 {[%clk
00:08:37] [%emt 00:00:54]} 60. Rh6+ {[%clk 00:02:44] [%emt 00:00:20]} Kg7 {[%clk
00:08:43] [%emt 00:00:25]} 61. Rg6+ {[%clk 00:02:41] [%emt 00:00:34]} 1/2-1/2

[Site "Europe Echecs"]